Bon Jovi - It's my life - LYRICS - Statistics

General Stats
  • This quiz has been taken 2,371 times
  • The average score is 16 of 22
Answer Stats
Answer % Correct
It's my {life}
95%
It's {now} or never
95%
I ain't gonna live {forever}
94%
(It's {my} life)
94%
I just wanna {live} while I'm alive
93%
This ain't a song for the {broken-hearted}
93%
{It's} my life
90%
I did it my {way}
87%
I just {want} to live while I'm alive
87%
When I {shout} it out loud
86%
You're gonna hear my {voice}
85%
My heart is like an open {highway}
83%
This is for the ones who stood their {ground}
78%
I ain't gonna be just a face in the {crowd}
77%
For Tommy and Gina who never {backed} down
67%
Like {Frankie} said
59%
No silent {prayer} for the faith-departed
58%
Don't bend, don't {break}, baby, don't back down
45%
{Tomorrow}'s getting harder make no mistake
37%
Better stand {tall} when they're calling you out
34%
{Luck} ain't even lucky
29%
Got to make your own {breaks}
25%
No matching quizzes found
Score Distribution
Percent of People with Each Score
Percentile by Number Answered
Your Score History
You have not taken this quiz